000
00278nam a22001337a 4500
003
SGT
020
_a
9788194735380
082
_a
320
_b
T20T
100
_a
THAROOR, SHASHI
245
_a
THE BATTLE OF BELONGING
260
_b
ALEPH BOOKS
_c
2020
300
_a
448
942
_2
ddc
_c
BK
999
_c
29251
_d
29251